000 00578cam a22002053a 4500
001 41846
003 PGUSA
005 20140828083938.0
008 130114s2013||||xxu|||||s|||||000 | eng d
040 _aPGUSA
_beng
042 _adc
100 1 _aCulpeper, Josephine
245 1 0 _aBolax :
_bImp or Angel—Which?
_h[electronic resource] /
_cJosephine Culpeper
260 _bProject Gutenberg,
_c2013
506 _aPublic domain in the USA.
516 _aElectronic text
830 0 _aProject Gutenberg
_v41846
856 4 0 _uhttp://www.gutenberg.org/ebooks/41846
942 _cEB
999 _c271098
_d271098